000 00475nam a2200193Ia 4500
008 180523s9999 xx 000 0 und d
020 _a81-7992-134-4
050 _aMAIN GE 300
050 _b.D43 2004
100 _aDeb, Swapan C.
245 0 _aEnvironmental management /
245 0 _cSwapan C. Deb.
260 _aNew Delhi :
260 _bJaico Publishing,
260 _c2004
300 _a243 pages :
300 _c22 cm.
650 _aEnvironmental management.
999 _c356686
_d356686